000
00506nam a2200181Ia 4500
008
100917s9999 xx 000 0 und d
082
_b
22675
100
_a
भावे पुरूषोत्तम भास्कर
245
_a
वाघनखे
260
_b
देशमुख आणि कंपनी
_c
1961
300
_a
178
365
_b
5
520
_a
निबंध
630
_a
वाघनखे
650
_a
निबंध
730
_a
वाघनखे
942
_c
BOOK
999
_c
628069
_d
628066